000 00377pam a2200157a 44500
008 230515b2010 xxu||||| |||| 00| 0 eng d
020 _aNULL
041 _aENGLISH
082 _a610.7301
100 _aMARY JANNE SMITH&N PATRICIA R LIHER
245 _aMIDDLE RANGE THEORY FOR NURSING
250 _a2008
260 _a
_bLIPPINCOTT
_c2010
300 _a328
650 _aNULL
999 _c526632
_d526632